000 00830nam a2200265 a 4500
001 BRL_164
005 20190320210621.0
008 820719s1981####gt-a#####b---#000-0#spa-#
040 _aDLC
_cDLC
_dDLC
041 _aspa
044 _agt
050 4 _aGT4987.2
_b.L85 1981
100 1 _aLuján Muñoz, Luis
_d1934-2005
_923083
245 1 0 _aTradiciones navideñas de Guatemala
_cLuis Luján Muñoz.
260 _aGuatemala
_bEsso Central América
_c1981
300 _a199 p.
_bil. (algunas a color)
_c22 cm.
440 0 _aCuadernos de la tradición guatemalteca
_n1
_923084
500 _aAu217
504 _aBibliografía: p. 85-89
650 1 4 _aNavidad
_zGuatemala
_923085
651 4 _aGuatemala
_xVida social y costumbres
_923086
651 4 _aGuatemala
_xVida religiosa y costumbres
_923087
902 _aGRL
942 _2lcc
_cB
999 _c8977
_d8977